The pastor's wedding manual. (Record no. 8733)

000 -LEADER
fixed length control field 00652nam a2200205 a 4500
001 - CONTROL NUMBER
control field :::00006511$&:&@@
003 - CONTROL NUMBER IDENTIFIER
control field OkBaRHE
005 - DATE AND TIME OF LATEST TRANSACTION
control field 20100331131421.0
008 - FIXED-LENGTH DATA ELEMENTS--GENERAL INFORMATION
fixed length control field s1985 j 000 0 eng u
020 ## - INTERNATIONAL STANDARD BOOK NUMBER
International Standard Book Number 0805423133
040 ## - CATALOGING SOURCE
Transcribing agency
100 1# - MAIN ENTRY--PERSONAL NAME
Personal name Henry, Jim, 1937-
245 14 - TITLE STATEMENT
Title The pastor's wedding manual.
260 ## - PUBLICATION, DISTRIBUTION, ETC. (IMPRINT)
Place of publication, distribution, etc Nashville, TN., :
Name of publisher, distributor, etc Broadman Press
Date of publication, distribution, etc 1985
300 ## - PHYSICAL DESCRIPTION
Extent 189 p. ;
Dimensions 18 cm.
650 ## - SUBJECT ADDED ENTRY--TOPICAL TERM
Topical term or geographic name as entry element Marriage service
General subdivision Handbooks, manuals, etc.
650 ## - SUBJECT ADDED ENTRY--TOPICAL TERM
Topical term or geographic name as entry element Weddings
General subdivision Handbooks, manuals, etc.
942 ## - ADDED ENTRY ELEMENTS (KOHA)
Source of classification or shelving scheme
Koha item type Books
Copies
Barcode Shelving location Date last seen Withdrawn status Price effective from Date acquired Full call number Copy number Koha item type Lost status Permanent Location Not for loan Damaged status Source of classification or shelving scheme
6511General Stacks2010-04-14 2010-04-142010-04-14BV 199 .M3 H46 19851Books RHEMA Bible Training College